000 00576nam a2200241Ia 4500
005 20260306150413.0
008 008 260114s9999 xx 000 0 eng d
020 _a9780773575769
037 _aEbook
040 _aCRL
040 _beng
040 _cCRL
041 _2eng
041 _aeng
084 _qCRL
245 3 _aAn Aristotelian Account of Induction
260 _bMcGill-Queen's University Press
260 _c2009
650 _aPhilosophy
856 _uhttps://www.degruyter.com/isbn/9780773575769
942 _cEBOOK
999 _c1696395
_d1696395